000 00593cab a2200205 4500
001 WB2404-20
008 090401t1988 xxu||||| |||| 00| 0 eng d
035 _a(Sirsi) u18468
041 _aeng
245 _aRural development
260 _c1988
350 _a0
490 _aDoE News Release
_vno 22, 18 January 1988 (2)
520 _aReviews the conclusions of a report commissioned by the Development Commission on economic development of rural areas .
650 _aCOSIRA
650 _aDIVERSIFICATION
690 _aPLANNING LAW AND PRACTICE
942 _n0
948 _c04/03/1997
999 _c12279
_d12279